Making collaboration work (Record no. 82329)

MARC details
000 -LEADER
fixed length control field 00994nam a2200217 a 4500
008 - FIXED-LENGTH DATA ELEMENTS--GENERAL INFORMATION
fixed length control field 120416s2007 ||||||||||||||||| || u
050 ## - LIBRARY OF CONGRESS CALL NUMBER
Classification number ACU(05)B/2007/161
110 ## - MAIN ENTRY--CORPORATE NAME
Corporate name or jurisdiction name as entry element Association of Commonwealth Universities
245 10 - TITLE STATEMENT
Title Making collaboration work
Statement of responsibility, etc. The Association of Commonwealth Universities
246 ## -
-- A.C.U. bulletin of current documentation
260 ## - PUBLICATION, DISTRIBUTION, ETC.
Place of publication, distribution, etc. London:
Name of publisher, distributor, etc. ACU
Date of publication, distribution, etc. 2007
300 ## - PHYSICAL DESCRIPTION
Extent 34p.: ill.
350 ## -
-- 0.00
362 1# -
-- <p>No. 161 August 2007</p>
650 ## - SUBJECT ADDED ENTRY--TOPICAL TERM
Topical term or geographic name entry element COMMONWEALTH UNIVERSITIES--PERIODICALS
650 ## - SUBJECT ADDED ENTRY--TOPICAL TERM
Topical term or geographic name entry element MANAGEMENT INFORMATION SYSTEMS
780 ## -
-- A.C.U. bulletin of current documentation
785 ## -
-- ACU Bulletin
995 ## -
-- SPECIAL COLLECTIONS
-- 0.00
-- 03004610
-- CBU-MAIN LIBRARY (Kitwe)
-- 1
-- 0.00
-- ACU(05)B/2007/161A
-- 1
-- AVAILABLE
-- Oct 5, 2009
-- 03004610
-- International Publications
995 ## -
-- SPECIAL COLLECTIONS
-- 03004088
-- CBU-MAIN LIBRARY (Kitwe)
-- 0.00
-- ACU(05)B/2007/161B
-- 2
-- AVAILABLE
-- Feb 27, 2013
-- 03004088
-- International Publications
999 ## -
-- 82329
-- 82329
Holdings
Withdrawn status Lost status Source of classification or shelving scheme Damaged status Not for loan Permanent Location Current Location Shelving location Date acquired Total Checkouts Full call number Barcode Date last seen Copy number Price effective from Koha item type
          CBU-MAIN LIBRARY, KITWE. CBU-MAIN LIBRARY, KITWE.   09/27/2023   ACU(05)B/2007/161A 03004610 09/27/2023 1 09/27/2023 SPECIAL COLLECTION
          CBU-MAIN LIBRARY, KITWE. CBU-MAIN LIBRARY, KITWE.   09/27/2023   ACU(05)B/2007/161B 03004088 09/27/2023 2 09/27/2023 SPECIAL COLLECTION